Cursed Child Find the Pattern Quiz Stats

 Plays Quiz not verified by Sporcle

Challenge
Share
Tweet
Embed
Score 0/10 Timer 03:00
0 Plays Today
Clues Pattern % Correct
Harry, Draco, RonFathers
85.7%
Hermione, Astoria, GinnyMothers
78.6%
Arthur, Lucius, JamesGrandfathers
64.3%
Dumbledore, Umbridge, McGonagallHeadmasters
64.3%
Narcissa, Molly, LilyGrandmothers
60.7%
Lily, James, AlbusHarry's kids
46.4%
Granger-Weasley, Potter, MalfoyLast names
39.3%
Rose, Scorpius, AlbusFirst-years
21.4%
Voldemort, Lucius, DracoFormer death eaters
10.7%
Neville, Harry, RoseDisappearing people
10.7%

You're not logged in!

Compare scores with friends on all Sporcle quizzes.
Join for Free
OR
Log In

You Might Also Like...

Show Comments

Extras

Created Mar 4, 2017ReportNominate
Tags:child, cursed, pattern

Top Quizzes Today


Score Distribution

Your Account Isn't Verified!

In order to create a playlist on Sporcle, you need to verify the email address you used during registration. Go to your Sporcle Settings to finish the process.

Report this User

Report this user for behavior that violates our Community Guidelines.

Details: